[Event "5th Individual European Chess Championship"]
[Site "Antalya TUR"]
[Date "2004.05.17"]
[EventDate "2004.05.15"]
[Round "3"]
[Result "0-1"]
[White "Geert van der Stricht"]
[Black "Arkadij Naiditsch"]
[WhiteElo "2450"]
[BlackElo "2571"]
[PlyCount "80"]

1. d4 Nf6 2. c4 e6 3. Nf3 b6 4. e3 Bb7 5. Bd3 d5 6. O-O Nbd7
7. cxd5 exd5 8. Nc3 Bd6 9. b3 O-O 10. Bb2 a6 11. Rc1 Re8
12. Ne2 g6 13. Rc2 Qe7 14. Qa1 Rac8 15. a3 Ne4 16. b4 f5
17. Qc1 c5 18. dxc5 bxc5 19. bxc5 Ndxc5 20. Qd1 Bc6 21. Bxe4
dxe4 22. Rxc5 Bxc5 23. Qb3+ Kf8 24. Qc3 exf3 25. Nf4 Qe5
26. Qc2 Be4 27. Qd2 Qd6 28. Qc3 Bd4 29. Qxd4 Qxd4 30. Bxd4 g5
31. Nh5 fxg2 32. Re1 Re7 33. Ng3 Rec7 34. Nxe4 fxe4 35. Kxg2
Rc1 36. Rxc1 Rxc1 37. a4 Kf7 38. a5 Ke6 39. Bb6 Kf5 40. f3
Rc2+ 0-1

[Event "5th Individual European Chess Championship"]
[Site "Antalya TUR"]
[Date "2004.05.18"]
[EventDate "2004.05.15"]
[Round "4"]
[Result "1/2-1/2"]
[White "Arkadij Naiditsch"]
[Black "Valentin Iotov"]
[WhiteElo "2571"]
[BlackElo "2342"]
[PlyCount "86"]

1. e4 c5 2. Nf3 e6 3. d4 cxd4 4. Nxd4 Nc6 5. Nb5 d6 6. c4 Nf6
7. N1c3 a6 8. Na3 Be7 9. Be2 b6 10. Be3 Bb7 11. O-O Nb8 12. f3
Nbd7 13. Qd2 O-O 14. Rfd1 Qc7 15. Rac1 Rac8 16. Kh1 Qb8
17. Bf1 Rfe8 18. Nc2 h6 19. b3 d5 20. cxd5 exd5 21. Bf4 Ne5
22. Nxd5 Nxd5 23. exd5 Bd6 24. Bg3 Nd7 25. Qf2 Bxg3 26. Qxg3
Qxg3 27. hxg3 Nf6 28. d6 Red8 29. Nb4 Rxc1 30. Rxc1 a5 31. Rc7
axb4 32. Rxb7 Rxd6 33. Bc4 Nd7 34. f4 g5 35. Kg1 Kg7 36. Kf2
Kg6 37. Ra7 f5 38. Ke3 Nc5 39. Rc7 g4 40. Bb5 Kf6 41. Rh7 Kg6
42. Rc7 Kf6 43. Rc6 Ke6 1/2-1/2

[Event "5th Individual European Chess Championship"]
[Site "Antalya TUR"]
[Date "2004.05.21"]
[EventDate "2004.05.15"]
[Round "6"]
[Result "1/2-1/2"]
[White "Arkadij Naiditsch"]
[Black "Mihai-Lucian Grunberg"]
[WhiteElo "2571"]
[BlackElo "2401"]
[PlyCount "141"]

1. e4 Nf6 2. e5 Nd5 3. d4 d6 4. c4 Nb6 5. exd6 cxd6 6. Nc3 g6
7. Be3 Bg7 8. Rc1 O-O 9. b3 e5 10. dxe5 dxe5 11. Qxd8 Rxd8
12. c5 N6d7 13. Bc4 Nc6 14. Nf3 Na5 15. Be2 b6 16. O-O bxc5
17. Ne4 Nc6 18. Bg5 f6 19. Bc4+ Kf8 20. Bd5 Bb7 21. Be3 Na5
22. Rfd1 Bxd5 23. Rxd5 Nb7 24. b4 cxb4 25. Rb5 Nb6 26. Bxb6
axb6 27. Rxb6 Rdc8 28. Rxc8+ Rxc8 29. h4 Nc5 30. Nxf6 Bxf6
31. Rxf6+ Ke7 32. Rb6 Nd3 33. Rb7+ Kf6 34. Ng5 e4 35. Nxe4+
Ke5 36. Ng5 Rc1+ 37. Kh2 Rc2 38. Re7+ Kd6 39. Rxh7 Rxa2
40. Rh6 Ne5 41. f3 Kd5 42. Rh7 b3 43. Rb7 Kc4 44. Kg3 Nd3
45. Ne4 b2 46. Rc7+ Kd4 47. Rd7+ Ke3 48. Nc3 Ra1 49. Rb7 Rc1
50. Re7+ Kd2 51. Ne4+ Kd1 52. Rb7 Rc4 53. Nf2+ Nxf2 54. Rxb2
Nd3 55. Rb6 Ne5 56. Re6 Rc5 57. Kf4 Nd3+ 58. Ke3 Kc2 59. Rxg6
Re5+ 60. Kd4 Re2 61. g3 Ne1 62. Rf6 Kd2 63. f4 Nc2+ 64. Kd5
Ne3+ 65. Kc5 Rg2 66. Rg6 Kd3 67. h5 Rh2 68. Rg5 Ke4 69. Kd6
Nf5+ 70. Ke6 Rxh5 71. Rxh5 1/2-1/2

[Event "5th Individual European Chess Championship"]
[Site "Antalya TUR"]
[Date "2004.05.23"]
[EventDate "2004.05.15"]
[Round "8"]
[Result "1-0"]
[White "Arkadij Naiditsch"]
[Black "Boris Chatalbashev"]
[WhiteElo "2571"]
[BlackElo "2543"]
[PlyCount "177"]

1. e4 g6 2. d4 Bg7 3. Nc3 c6 4. Nf3 d6 5. Be3 Nf6 6. Qd2 b5
7. Bd3 O-O 8. h3 Nbd7 9. O-O e5 10. dxe5 dxe5 11. a4 b4
12. Ne2 Qe7 13. c3 c5 14. cxb4 cxb4 15. Rac1 Rd8 16. Ng3 Nb6
17. Bc5 Qe6 18. Ng5 Qe8 19. Qe2 h6 20. Nf3 Nxa4 21. Bxb4 Rb8
22. Ba5 Rd6 23. Bc7 Rxb2 24. Qd1 Rc6 25. Bxe5 Rxc1 26. Qxc1
Rb6 27. Bd4 Rc6 28. Qa1 Ba6 29. Bxa6 Rxa6 30. e5 Nd7 31. e6
Ndc5 32. Qd1 Nc3 33. Bxc3 Bxc3 34. Qc1 Bb4 35. exf7+ Qxf7
36. Qxh6 Bc3 37. Qe3 Bb4 38. Rd1 Ne6 39. Ne5 Qf4 40. Rd8+ Bf8
41. Qxf4 Nxf4 42. Ra8 Kg7 43. Ne4 Ne6 44. g3 Ra4 45. Nc3 Ra3
46. Nb5 Ra1+ 47. Kg2 Bc5 48. Nd7 a6 49. Nxc5 Nxc5 50. h4 Ra2
51. Nc3 Rc2 52. Ra7+ Kf8 53. Nd5 Nd3 54. Rxa6 Rxf2+ 55. Kh3
Rd2 56. Ra8+ Kf7 57. Ra7+ Ke6 58. Nc7+ Kf5 59. Ra5+ Ne5
60. Nd5 Rd3 61. Nf4 Re3 62. Ra8 Nd7 63. Rg8 Nf6 64. Rxg6 Ne4
65. h5 Ra3 66. Kh4 Ra1 67. Nh3 Rh1 68. Rg8 Kf6 69. Rf8+ Kg7
70. Rf4 Nf6 71. g4 Nd5 72. Rd4 Nf6 73. Ra4 Nh7 74. Ra7+ Kh6
75. Ra6+ Kg7 76. g5 Rxh3+ 77. Kxh3 Nxg5+ 78. Kg4 Nf7 79. Kf4
Nh6 80. Rg6+ Kh7 81. Ke5 Nf7+ 82. Ke6 Nh6 83. Rg5 Ng8 84. Rg4
Nh6 85. Ra4 Ng8 86. Ra7+ Kh6 87. Kf5 Kxh5 88. Rh7+ Nh6+
89. Kf6 1-0

[Event "5th Individual European Chess Championship"]
[Site "Antalya TUR"]
[Date "2004.05.27"]
[EventDate "2004.05.15"]
[Round "11"]
[Result "1-0"]
[White "Mikhail Gurevich"]
[Black "Arkadij Naiditsch"]
[WhiteElo "2672"]
[BlackElo "2571"]
[PlyCount "77"]

1. Nf3 Nf6 2. c4 e6 3. Nc3 Bb4 4. g4 h6 5. Rg1 b6 6. Qc2 Bb7
7. a3 Be7 8. g5 hxg5 9. Nxg5 Nh5 10. d4 Nc6 11. Nf3 Bf6 12. d5
Ne5 13. Nxe5 Bxe5 14. Bg5 f6 15. Bg2 c6 16. dxe6 dxe6 17. Be3
f5 18. c5 Nf6 19. Bf3 Kf7 20. Qb3 Nd5 21. Nxd5 cxd5 22. cxb6
axb6 23. O-O-O Ba6 24. Bd4 Bxd4 25. Rxd4 Rxh2 26. Bxd5 Rc8+
27. Kb1 Kf8 28. Qb4+ Qe7 29. Qxb6 exd5 30. Qxa6 Re8 31. Rf4
Qe5 32. Qg6 Kg8 33. Rxf5 Qe4+ 34. Ka1 Re7 35. Qd6 Rh1 36. Rxh1
Qxh1+ 37. Ka2 Rxe2 38. Qf8+ Kh7 39. Qf7 1-0

[Event "5th Individual European Chess Championship"]
[Site "Antalya TUR"]
[Date "2004.05.28"]
[EventDate "2004.05.15"]
[Round "12"]
[Result "1-0"]
[White "Arkadij Naiditsch"]
[Black "Baadur Jobava"]
[WhiteElo "2571"]
[BlackElo "2616"]
[PlyCount "89"]

1. e4 c5 2. Nf3 d6 3. d4 cxd4 4. Nxd4 Nf6 5. Nc3 a6 6. Be3 e5
7. Nb3 Be6 8. Be2 Be7 9. O-O O-O 10. Qd2 Nbd7 11. a4 Rc8
12. a5 Qc7 13. Rfd1 Rfd8 14. Nc1 d5 15. exd5 Nc5 16. Bxc5 Bxc5
17. Nd3 e4 18. Nxc5 Qxc5 19. Ra4 Bd7 20. Rc4 Qxa5 21. Nxe4
Qxd2 22. Nxf6+ gxf6 23. Rxd2 Rxc4 24. Bxc4 Kf8 25. Bd3 a5
26. f3 h6 27. c4 b6 28. Kf2 Ke7 29. Ke3 Kd6 30. Kd4 a4 31. Re2
Rg8 32. g4 Rg5 33. h3 Rg8 34. Re4 Rd8 35. Rf4 Ke7 36. Kc3 Ra8
37. Kb4 Be8 38. d6+ Ke6 39. Rd4 Bc6 40. Bf5+ Ke5 41. Rd3 h5
42. d7 Rd8 43. c5 hxg4 44. fxg4 bxc5+ 45. Kxc5 1-0

[Event "5th Individual European Chess Championship"]
[Site "Antalya TUR"]
[Date "2004.05.29"]
[EventDate "2004.05.15"]
[Round "13"]
[Result "1/2-1/2"]
[White "Robert Kempinski"]
[Black "Arkadij Naiditsch"]
[WhiteElo "2586"]
[BlackElo "2571"]
[PlyCount "52"]

1. Nf3 Nf6 2. c4 e6 3. Nc3 b6 4. g3 Bb7 5. Bg2 c5 6. O-O Be7
7. b3 d6 8. d4 cxd4 9. Nxd4 Bxg2 10. Kxg2 O-O 11. Bb2 a6
12. Rc1 Qc7 13. e4 Qb7 14. Qe2 Nbd7 15. f3 Rfe8 16. Rfd1 Ne5
17. f4 Ned7 18. Qf3 Nc5 19. Re1 Bf8 20. b4 e5 21. fxe5 dxe5
22. Nf5 Ncd7 23. Nd5 a5 24. b5 Re6 25. Rf1 Bc5 26. g4 Rf8
1/2-1/2

[Event "Pamplona Tournament"]
[Site "Pamplona ESP"]
[Date "2004.12.29"]
[EventDate "2004.12.22"]
[Round "7"]
[Result "1/2-1/2"]
[White "Sergey Karjakin"]
[Black "Arkadij Naiditsch"]
[WhiteElo "2576"]
[BlackElo "2611"]
[PlyCount "49"]

1. e4 c5 2. Nf3 d6 3. d4 cxd4 4. Nxd4 Nf6 5. Nc3 a6 6. Be3 e5
7. Nb3 Be6 8. f3 Nbd7 9. Qd2 b5 10. a4 b4 11. Nd5 Bxd5
12. exd5 Nb6 13. Bxb6 Qxb6 14. a5 Qb7 15. Bc4 g6 16. Ra4 Rb8
17. Qd3 Ra8 18. Qd2 Rb8 19. Nc1 h5 20. Na2 Bh6 21. Qxb4 Qa7
22. Qxd6 Qe3+ 23. Kf1 Rxb2 24. Rb4 Ng4 25. Qb8+ 1/2-1/2

[Event "Aeroflot Open 2005"]
[Site "Moscow RUS"]
[Date "2005.02.15"]
[EventDate "2005.02.15"]
[Round "1"]
[Result "1-0"]
[White "Arkadij Naiditsch"]
[Black "Tigran Levonovich Petrosian"]
[WhiteElo "2623"]
[BlackElo "2568"]
[PlyCount "51"]

1. e4 c5 2. Ne2 d6 3. d4 cxd4 4. Nxd4 Nf6 5. f3 e5 6. Nb3 d5
7. Bg5 Be6 8. Bxf6 gxf6 9. exd5 Bxd5 10. Nc3 Bb4 11. Qd3 Bxc3+
12. Qxc3 Be6 13. Bb5+ Kf8 14. Nc5 Kg7 15. f4 exf4 16. O-O Qb6
17. Rxf4 Rc8 18. b4 Kg8 19. Qxf6 Qxb5 20. Qg5+ Kh8 21. Nxe6
Qxg5 22. Nxg5 Nc6 23. Rxf7 Re8 24. Rxb7 h5 25. h4 Nb8 26. Nf7+
1-0

[Event "Aeroflot Open 2005"]
[Site "Moscow RUS"]
[Date "2005.02.17"]
[EventDate "2005.02.15"]
[Round "3"]
[Result "1/2-1/2"]
[White "Arkadij Naiditsch"]
[Black "Rodrigo Rafael Vasquez Schroeder"]
[WhiteElo "2623"]
[BlackElo "2561"]
[PlyCount "58"]

1. e4 c5 2. Nf3 d6 3. d4 cxd4 4. Nxd4 Nf6 5. Nc3 a6 6. Bg5 e6
7. f4 Nbd7 8. Qf3 Qc7 9. O-O-O b5 10. Bd3 Bb7 11. Rhe1 Qb6
12. Nb3 b4 13. Ne2 Be7 14. Nd2 Rc8 15. Kb1 Qc7 16. Qh3 Nc5
17. Nd4 h6 18. g4 Nxg4 19. Bh4 Nf6 20. e5 dxe5 21. fxe5 Nxd3
22. cxd3 Nd5 23. Nc4 O-O 24. Rg1 Kh8 25. Nd6 Bxd6 26. exd6
Qxd6 27. Bg5 Nf4 28. Qxh6+ gxh6 29. Bf6+ Kh7 1/2-1/2

[Event "Aeroflot Open 2005"]
[Site "Moscow RUS"]
[Date "2005.02.18"]
[EventDate "2005.02.15"]
[Round "4"]
[Result "1/2-1/2"]
[White "Vasilios Kotronias"]
[Black "Arkadij Naiditsch"]
[WhiteElo "2585"]
[BlackElo "2623"]
[PlyCount "34"]

1. e4 e5 2. Nf3 Nc6 3. Bb5 a6 4. Ba4 Nf6 5. O-O Be7 6. Re1 b5
7. Bb3 O-O 8. c3 d5 9. exd5 Nxd5 10. Nxe5 Nxe5 11. Rxe5 c6
12. d3 Bd6 13. Re1 Qh4 14. g3 Qh3 15. Re4 Nf6 16. Rh4 Qf5
17. Nd2 g5 1/2-1/2

[Event "Aeroflot Open 2005"]
[Site "Moscow RUS"]
[Date "2005.02.20"]
[EventDate "2005.02.15"]
[Round "6"]
[Result "1-0"]
[White "Evgeny Postny"]
[Black "Arkadij Naiditsch"]
[WhiteElo "2557"]
[BlackElo "2623"]
[PlyCount "79"]

1. Nf3 Nf6 2. c4 e6 3. g3 d5 4. d4 dxc4 5. Qa4+ Nbd7 6. Qxc4
c5 7. Bg2 a6 8. Qc2 b6 9. Ne5 Nd5 10. Nxd7 Bxd7 11. dxc5 Rc8
12. O-O Bxc5 13. Qb3 O-O 14. Nd2 Bb5 15. Bf3 Nb4 16. a4 Nc2
17. Qxc2 Bxf2+ 18. Kxf2 Rxc2 19. axb5 Qd4+ 20. Kg2 axb5
21. Ne4 f5 22. Nf2 e5 23. Rd1 Qc5 24. Bd5+ Kh8 25. Kf1 f4
26. gxf4 exf4 27. Bf3 h5 28. Bd2 Qe7 29. Bc3 b4 30. Rd5 Kg8
31. Re5 bxc3 32. Rxe7 cxb2 33. Re1 Rc1 34. Bd5+ Kh8 35. Be4 g5
36. Rh7+ Kg8 37. Rxh5 Ra8 38. Rxg5+ Kf7 39. Rb5 Raa1 40. Rd1
1-0

[Event "Aeroflot Open 2005"]
[Site "Moscow RUS"]
[Date "2005.02.21"]
[EventDate "2005.02.15"]
[Round "7"]
[Result "1/2-1/2"]
[White "Arkadij Naiditsch"]
[Black "Artashes Minasian"]
[WhiteElo "2623"]
[BlackElo "2586"]
[PlyCount "37"]

1. e4 g6 2. d4 c6 3. Nc3 d5 4. h3 Bg7 5. Nf3 dxe4 6. Nxe4 Nd7
7. Bd3 Ngf6 8. Nxf6+ Nxf6 9. O-O O-O 10. Re1 Qd6 11. Qe2 Nd5
12. c4 Nb4 13. Bb1 c5 14. Bg5 e6 15. a3 Nc6 16. dxc5 Qxc5
17. b4 Nd4 18. Nxd4 Qxg5 19. Nf3 1/2-1/2

[Event "Aeroflot Open 2005"]
[Site "Moscow RUS"]
[Date "2005.02.22"]
[EventDate "2005.02.15"]
[Round "8"]
[Result "0-1"]
[White "Alexander Lastin"]
[Black "Arkadij Naiditsch"]
[WhiteElo "2588"]
[BlackElo "2623"]
[PlyCount "60"]

1. e4 c5 2. Nf3 d6 3. d4 cxd4 4. Nxd4 Nf6 5. Nc3 a6 6. a4 b6
7. Bc4 e6 8. O-O Bb7 9. Re1 Qc8 10. Ba2 Be7 11. f4 Nc6 12. Be3
Nb4 13. Bb3 Nxe4 14. Nxe4 Bxe4 15. Qg4 g6 16. Nxe6 fxe6
17. Bd4 Bf5 18. Qe2 O-O 19. c3 Nd3 20. g4 Nxf4 21. Qf3 Bd3
22. Rxe6 Nxe6 23. Qxd3 Rf7 24. Re1 Nxd4 25. Qxd4 d5 26. Rxe7
Rxe7 27. Bxd5+ Rf7 28. Bxf7+ Kxf7 29. Qd5+ Ke7 30. Qe4+ Kd8
0-1

[Event "6th European Individual Championship"]
[Site "Warsaw POL"]
[Date "2005.06.23"]
[EventDate "2005.06.18"]
[Round "6"]
[Result "1/2-1/2"]
[White "Constantin Lupulescu"]
[Black "Arkadij Naiditsch"]
[WhiteElo "2546"]
[BlackElo "2626"]
[PlyCount "132"]

1. e4 e5 2. Nf3 Nc6 3. Bb5 Nf6 4. O-O Nxe4 5. d4 Nd6 6. Bxc6
dxc6 7. dxe5 Nf5 8. Qxd8+ Kxd8 9. Nc3 Ne7 10. h3 h6 11. Re1
Ng6 12. Ne4 c5 13. Be3 b6 14. Rad1+ Bd7 15. c4 Kc8 16. Nc3 Be6
17. b3 Be7 18. Nd5 Bd8 19. Bc1 a5 20. Nc3 Kb7 21. Nh2 h5
22. Nf3 Kc6 23. Ne4 a4 24. Bg5 h4 25. Re2 Be7 26. Bxe7 Nxe7
27. Neg5 Nf5 28. Red2 axb3 29. axb3 Ra3 30. Rd3 Rha8 31. Kf1
Ra1 32. Ke1 Rxd1+ 33. Kxd1 Ra1+ 34. Kd2 Ra2+ 35. Ke1 Rb2
36. g4 hxg3 37. fxg3 Nxg3 38. Nxe6 fxe6 39. Ng5 Nf5 40. Nxe6
Nd4 41. Nxd4+ cxd4 42. e6 Kd6 43. Rxd4+ Kxe6 44. Rd3 g5
45. Rg3 Kf5 46. Kd1 Rh2 47. Kc1 Kg6 48. Kb1 Kh5 49. Kc1 Re2
50. Kd1 Re4 51. Kd2 Kh4 52. Rd3 c5 53. Rc3 Re7 54. Rf3 Ra7
55. Kc3 Ra8 56. Re3 Ra2 57. Re6 Kxh3 58. Rh6+ Kg3 59. Rxb6 Rf2
60. Rb5 Rf3+ 61. Kd2 g4 62. Rxc5 Rxb3 63. Rg5 Kf3 64. Rf5+ Kg2
65. c5 Rb5 66. Kc3 g3 1/2-1/2

[Event "6th European Individual Championship"]
[Site "Warsaw POL"]
[Date "2005.06.25"]
[EventDate "2005.06.18"]
[Round "7"]
[Result "1-0"]
[White "Arkadij Naiditsch"]
[Black "Igor Alexandre Nataf"]
[WhiteElo "2626"]
[BlackElo "2559"]
[PlyCount "115"]

1. e4 c5 2. Nf3 Nc6 3. Bb5 e6 4. O-O Nge7 5. c3 a6 6. Ba4 b5
7. Bc2 Bb7 8. Qe2 g6 9. a4 bxa4 10. Na3 Bg7 11. e5 Na5 12. Be4
Bxe4 13. Qxe4 Nb3 14. Nc4 Nxa1 15. Nd6+ Kf8 16. Ng5 Nb3
17. Ndxf7 Qb8 18. Nxh8 h6 19. Nh7+ Kg8 20. Nxg6 Nxg6 21. Qxg6
Qxe5 22. g4 Qf4 23. g5 Kh8 24. Nf6 Qxg5+ 25. Qxg5 hxg5
26. Nxd7 Rd8 27. Nb6 Rd3 28. Nc4 Kg8 29. Kg2 Kf7 30. f3 Bf6
31. Kf2 Rd8 32. Rd1 Rd3 33. Ke2 Rd8 34. Rh1 Rh8 35. h3 Rh4
36. d3 Nxc1+ 37. Rxc1 Rxh3 38. Ra1 Rh2+ 39. Ke3 Rh3 40. Kf2
Rh2+ 41. Kg1 Re2 42. Rxa4 Kg6 43. Rxa6 Kf5 44. Kf1 Rh2
45. Ne3+ Kf4 46. Ng4 Rxb2 47. Nxf6 Kxf3 48. Rxe6 Rd2 49. Nd7
g4 50. Rf6+ Ke3 51. Nxc5 Rc2 52. c4 g3 53. Kg1 Kd4 54. Na6
Rc1+ 55. Rf1 Rc2 56. Rf3 g2 57. Nb4 Re2 58. Nd5 1-0

[Event "6th European Individual Championship"]
[Site "Warsaw POL"]
[Date "2005.06.28"]
[EventDate "2005.06.18"]
[Round "10"]
[Result "0-1"]
[White "Arkadij Naiditsch"]
[Black "Lubomir Ftacnik"]
[WhiteElo "2626"]
[BlackElo "2540"]
[PlyCount "80"]

1. e4 c5 2. Nf3 d6 3. d4 cxd4 4. Nxd4 Nf6 5. Nc3 a6 6. Be3 e5
7. Nb3 Be6 8. f3 h5 9. a4 Nbd7 10. a5 Rc8 11. Qd2 Be7 12. Be2
g6 13. Nd5 Bxd5 14. exd5 Nh7 15. O-O Bg5 16. c4 O-O 17. Kh1
Re8 18. Rfc1 f5 19. Bf1 Bxe3 20. Qxe3 Qg5 21. Qa7 Nhf6 22. Rc3
e4 23. Qxb7 exf3 24. gxf3 Qf4 25. Qa7 Rb8 26. Qg1 Kf7 27. Rb1
Rec8 28. Nd4 Qd2 29. Rc2 Qxa5 30. Nc6 Qa2 31. Re1 Re8 32. Rce2
Rxe2 33. Rxe2 Rxb2 34. Re7+ Kf8 35. Qe3 Rxh2+ 36. Kg1 Qd2
37. Qa7 Kg8 38. Re6 Qf4 39. Bg2 Qg3 40. Qf2 Rh1+ 0-1

[Event "6th European Individual Championship"]
[Site "Warsaw POL"]
[Date "2005.06.29"]
[EventDate "2005.06.18"]
[Round "11"]
[Result "0-1"]
[White "Oleg Romanishin"]
[Black "Arkadij Naiditsch"]
[WhiteElo "2559"]
[BlackElo "2626"]
[PlyCount "145"]

1. d4 Nf6 2. Nf3 e6 3. g3 c5 4. Bg2 cxd4 5. Nxd4 d5 6. O-O e5
7. Nb3 Be6 8. Nc3 Bb4 9. f4 exf4 10. Bxf4 O-O 11. Nb5 Nc6
12. c3 Qb6+ 13. N5d4 Be7 14. Kh1 Bg4 15. h3 Bd7 16. g4 Ne4
17. Qd3 Bh4 18. Qb5 Qxb5 19. Nxb5 Rad8 20. Bxe4 dxe4 21. Nc5
Bc8 22. Nd6 f5 23. Ncxb7 Bxb7 24. Nxb7 Rd5 25. c4 Rd4 26. gxf5
Rxc4 27. Nd6 Rb4 28. e3 Rxb2 29. Nxe4 Rxf5 30. Rac1 Ne7
31. Rb1 Rfb5 32. Nc3 Rb7 33. Bd6 Ng6 34. Ba3 Rxb1 35. Rxb1
Rxb1+ 36. Nxb1 Be1 37. Kg2 Kf7 38. Bc5 a6 39. Bd4 Nh4+ 40. Kf1
Bb4 41. Ke2 Nf5 42. Ba7 Ke6 43. Kd3 Nd6 44. Bd4 g6 45. a3 Ba5
46. Bc3 Bxc3 47. Nxc3 Ke5 48. Na2 Nb7 49. Nb4 a5 50. Nc6+ Kd5
51. Ne7+ Kd6 52. Nc8+ Kc5 53. e4 Nd8 54. Ne7 Nf7 55. Nd5 Ne5+
56. Kc3 g5 57. Nf6 h6 58. Ng4 Nf7 59. Nf6 Nd6 60. a4 Nf7
61. Nd7+ Kd6 62. Nb6 Ke5 63. Kd3 Kf4 64. Kd4 h5 65. Nd5+ Kg3
66. e5 Kxh3 67. e6 Nd8 68. e7 Nc6+ 69. Ke3 Nxe7 70. Nxe7 g4
71. Nf5 g3 72. Kf3 g2 73. Ng3 0-1

[Event "6th European Individual Championship"]
[Site "Warsaw POL"]
[Date "2005.06.30"]
[EventDate "2005.06.18"]
[Round "12"]
[Result "1/2-1/2"]
[White "Arkadij Naiditsch"]
[Black "Yuri Kuzubov"]
[WhiteElo "2626"]
[BlackElo "2558"]
[PlyCount "126"]

1. e4 c5 2. Nf3 d6 3. d4 cxd4 4. Nxd4 Nf6 5. Nc3 a6 6. Be3 e5
7. Nf3 Qc7 8. a4 b6 9. Qd3 Nc6 10. Qc4 Qb7 11. Qb3 Rb8 12. Nd5
Nxd5 13. exd5 Ne7 14. O-O-O b5 15. a5 g6 16. h4 h6 17. Bb6 Bg7
18. Qb4 Qd7 19. g4 Bb7 20. Qb3 O-O 21. g5 Qf5 22. Bh3 Qf4+
23. Kb1 Qc4 24. Qxc4 bxc4 25. Bc7 Nxd5 26. Bxd6 Nc3+ 27. bxc3
Bxf3+ 28. Bxb8 Rxb8+ 29. Ka2 Bxh1 30. Rxh1 hxg5 31. hxg5 Rb5
32. Ka3 e4 33. Bf1 Rxa5+ 34. Kb4 Rxg5 35. Bxc4 a5+ 36. Ka4 Rf5
37. Rh4 Rxf2 38. Rxe4 Bxc3 39. Bb3 Kg7 40. Rc4 Rf3 41. Rc7
Rf4+ 42. Kb5 a4 43. Rxc3 axb3 44. Rxb3 Rf5+ 45. Kb6 Rf6+
46. Kb5 Rf1 47. c4 Rc1 48. c5 f5 49. c6 Kf6 50. Kb6 f4 51. Rb5
Ke7 52. Rb2 Ke6 53. c7 g5 54. Rb5 g4 55. Rg5 g3 56. Kb7 Rb1+
57. Kc6 Rc1+ 58. Kb7 Kf6 59. Rg8 Ke5 60. c8=Q Rxc8 61. Kxc8
Ke4 62. Kd7 f3 63. Rg4+ Ke3 1/2-1/2

[Event "6th European Individual"]
[Site "Warsaw POL"]
[Date "2005.07.01"]
[EventDate "2005.06.18"]
[Round "13"]
[Result "0-1"]
[White "David Baramidze"]
[Black "Arkadij Naiditsch"]
[WhiteElo "2542"]
[BlackElo "2626"]
[PlyCount "40"]

1. e4 c5 2. Nf3 d6 3. d4 cxd4 4. Nxd4 Nf6 5. Nc3 a6 6. Be3 e5
7. Nb3 Be6 8. f3 Nbd7 9. g4 Nb6 10. g5 Nh5 11. Qd2 Be7
12. O-O-O O-O 13. Rg1 Rc8 14. Qf2 Rxc3 15. Bxb6 Bxg5+ 16. f4
Bh4 17. Qg2 Qxb6 18. bxc3 Bf2 19. Be2 Bxg1 20. Rxg1 Bh3 0-1

[Event "French League Top 16"]
[Site "Port Barcares FRA"]
[Date "2005.05.04"]
[EventDate "2005.05.04"]
[Round "8"]
[Result "1/2-1/2"]
[White "Iossif Davidovich Dorfman"]
[Black "Arkadij Naiditsch"]
[WhiteElo "2603"]
[BlackElo "2626"]
[PlyCount "38"]

1. c4 Nf6 2. Nc3 e5 3. Nf3 Nc6 4. g3 d5 5. cxd5 Nxd5 6. Bg2
Nb6 7. O-O Be7 8. Rb1 Be6 9. b4 e4 10. Nxe4 Bxa2 11. Ra1 Nxb4
12. d4 f5 13. Nc5 Bd5 14. Bd2 a5 15. Bxb4 axb4 16. Rxa8 Qxa8
17. Qb1 O-O 18. Qxb4 Qa2 19. Qd2 Qxd2 1/2-1/2

[Event "French League Top 16"]
[Site "Port Barcares FRA"]
[Date "2005.05.06"]
[EventDate "2005.05.04"]
[Round "10"]
[Result "0-1"]
[White "Alexandre Dgebuadze"]
[Black "Arkadij Naiditsch"]
[WhiteElo "2534"]
[BlackElo "2626"]
[PlyCount "130"]

1. e4 e5 2. Nf3 Nc6 3. Bc4 Nf6 4. d3 Be7 5. O-O O-O 6. Re1 d6
7. c3 Na5 8. Bb5 c5 9. Nbd2 a6 10. Ba4 b5 11. Bc2 Nd7 12. Nf1
Nb6 13. Ng3 Nc6 14. h3 g6 15. a3 Re8 16. d4 cxd4 17. cxd4 exd4
18. Ne2 Bf6 19. Nexd4 Nxd4 20. Nxd4 Bb7 21. Bf4 Rc8 22. Re2
Rc4 23. Rd2 Bxe4 24. Bb3 Rc7 25. Nf3 Rd7 26. Rc1 d5 27. Nh2 h5
28. f3 Bf5 29. g4 Be6 30. gxh5 Bg5 31. Bxg5 Qxg5+ 32. Rg2 Qxh5
33. Ng4 Bxg4 34. hxg4 Qe5 35. Qd2 Nc4 36. Bxc4 bxc4 37. Kf2
Rde7 38. Rd1 Qf6 39. Kg3 g5 40. Rf2 Re5 41. Qd4 Qh6 42. Kg2
Re1 43. Rxe1 Rxe1 44. Rf1 Re2+ 45. Rf2 Qe6 46. Rxe2 Qxe2+
47. Kg3 Qe6 48. Kf2 Kh7 49. Qa7 Qf6 50. Kg3 d4 51. Qc5 Qf4+
52. Kg2 d3 53. Qd5 Kg7 54. Kf2 Qd2+ 55. Kf1 Qc1+ 56. Kf2 Qd2+
57. Kf1 Qe2+ 58. Kg1 Qe3+ 59. Kg2 d2 60. Kh2 Kg8 61. Qd8+ Kh7
62. Qd5 Kg7 63. a4 a5 64. b4 cxb3 65. Kg2 b2 0-1

[Event "French Team championship 'TOP 16'"]
[Site "Noyon FRA"]
[Date "2005.03.31"]
[EventDate "2005.03.31"]
[Round "4"]
[Result "1-0"]
[White "Arkadij Naiditsch"]
[Black "Rustem Dautov"]
[WhiteElo "2623"]
[BlackElo "2609"]
[PlyCount "43"]

1. e4 c6 2. d4 d5 3. e5 Bf5 4. Nc3 e6 5. g4 Bg6 6. Nge2 f6
7. h4 fxe5 8. h5 Bf7 9. dxe5 Nd7 10. f4 Qb6 11. Nd4 O-O-O
12. Bh3 Ne7 13. a4 c5 14. a5 Qa6 15. Bf1 c4 16. b4 b6 17. Be3
bxa5 18. Rxa5 Qb6 19. Nf5 Nxf5 20. Bxb6 Nxb6 21. gxf5 Bxb4
22. Qd4 1-0

[Event "French Team championship 'TOP 16'"]
[Site "Noyon FRA"]
[Date "2005.04.01"]
[EventDate "2005.03.31"]
[Round "5"]
[Result "1/2-1/2"]
[White "Jonathan Rowson"]
[Black "Arkadij Naiditsch"]
[WhiteElo "2572"]
[BlackElo "2623"]
[PlyCount "75"]

1. d4 Nf6 2. c4 e6 3. Nc3 Bb4 4. Qc2 O-O 5. a3 Bxc3+ 6. Qxc3
b6 7. Bg5 Bb7 8. Nf3 c5 9. e3 d6 10. dxc5 bxc5 11. Bd3 Nbd7
12. O-O Rb8 13. Nd2 Ne5 14. Bc2 h6 15. Bf4 Ng6 16. Bg3 Nh5
17. Bxg6 fxg6 18. b4 Nxg3 19. hxg3 Qf6 20. Rac1 cxb4 21. axb4
d5 22. Qa1 dxc4 23. Rxc4 Bd5 24. Rd4 Qf7 25. Qa5 Bc6 26. Nc4
Rb5 27. Qa6 Qc7 28. Nd6 Rd5 29. Rxd5 Bxd5 30. e4 Ba8 31. f3
Rb8 32. Nc4 Bc6 33. Rc1 Bd7 34. Qd6 Rc8 35. Rd1 Qxc4 36. Qxd7
Kh7 37. Qxa7 Qxb4 38. Qd4 1/2-1/2

[Event "French Team championship 'TOP 16'"]
[Site "Noyon FRA"]
[Date "2005.04.02"]
[EventDate "2005.03.31"]
[Round "6"]
[Result "1-0"]
[White "Arkadij Naiditsch"]
[Black "Philipp Schlosser"]
[WhiteElo "2623"]
[BlackElo "2570"]
[PlyCount "65"]

1. e4 c5 2. Nf3 d6 3. d4 Nf6 4. Nc3 cxd4 5. Nxd4 a6 6. Be3 e6
7. g4 h5 8. gxh5 b5 9. a3 Bb7 10. Bg2 Nbd7 11. Qe2 Rc8 12. h4
Nxh5 13. O-O-O Ne5 14. Bg5 Be7 15. f4 Ng6 16. Qd2 Nhxf4
17. Bxf4 Nxf4 18. Qxf4 e5 19. Qg4 exd4 20. Ne2 Rxh4 21. Qxg7
Rxh1 22. Bxh1 Bf6 23. Qg2 Qb6 24. Rf1 Qc5 25. Kb1 Qxc2+
26. Ka1 d3 27. Rxf6 Qd1+ 28. Ka2 dxe2 29. Qg8+ Kd7 30. Qxf7+
Kc6 31. e5+ Kc5 32. Qxb7 e1=Q 33. Qxc8+ 1-0

[Event "Belgian Teams 2004-05"]
[Site "Belgium BEL"]
[Date "2005.03.20"]
[EventDate "2005.01.01"]
[Round "11"]
[Result "1-0"]
[White "Oscar Lemmers"]
[Black "Arkadij Naiditsch"]
[WhiteElo "2395"]
[BlackElo "2623"]
[PlyCount "79"]

1. e4 e5 2. Nf3 Nc6 3. Nc3 g6 4. d4 exd4 5. Nd5 Bg7 6. Bg5 f6
7. Bf4 d6 8. Nxd4 Nge7 9. Bc4 Ne5 10. Bb3 Nxd5 11. Bxd5 c6
12. Bb3 Qe7 13. O-O Bd7 14. Bg3 O-O-O 15. f4 Ng4 16. Re1 h5
17. f5 Bh6 18. Ne6 Bxe6 19. Bxe6+ Kb8 20. h3 gxf5 21. exf5 Ne5
22. b4 Ka8 23. Bf2 Qc7 24. a4 d5 25. Qd4 b6 26. b5 c5
27. Bxd5+ Kb8 28. Qe4 Bd2 29. Re2 Bc3 30. Ra3 Bd4 31. c4 Rhe8
32. Be6 Bxf2+ 33. Rxf2 Rd4 34. Qc2 Qg7 35. a5 bxa5 36. Rxa5
Nd3 37. b6 Nxf2 38. Qa4 Nxh3+ 39. Kh2 Rdd8 40. Rxa7 1-0